| 000 | 00576nam a2200217Ia 4500 | ||
|---|---|---|---|
| 005 | 20260429112222.0 | ||
| 008 | 260429s9999||||xx |||||||||||||| ||und|| | ||
| 020 | _a9788119684496 | ||
| 041 | _aEnglish | ||
| 082 |
_a664.01579 _bYAD |
||
| 100 | _aYadav, Rekha | ||
| 245 | 0 |
_aIndustrial and food microbiology / _cRekha Yadav |
|
| 250 | _a1st ed. | ||
| 260 |
_aJaipur : _bBook Enclave, _c2025. |
||
| 300 | _aviii, 262 p.; hb | ||
| 650 | _a Industrial microbiology | ||
| 650 | _a Microbiology | ||
| 650 | _aFood technology | ||
| 700 | _a Sahrawat, Rinni | ||
| 942 | _cTB | ||
| 999 |
_c52956 _d52956 |
||